<?xml version="1.0" encoding="UTF-8"?>
<record
    xmlns:xsi="http://www.w3.org/2001/XMLSchema-instance"
    xsi:schemaLocation="http://www.loc.gov/MARC21/slim http://www.loc.gov/standards/marcxml/schema/MARC21slim.xsd"
    xmlns="http://www.loc.gov/MARC21/slim">

  <leader>00922nam a2200241 a 4500</leader>
  <controlfield tag="001">58060</controlfield>
  <controlfield tag="003">BD-RjUL</controlfield>
  <controlfield tag="005">20211209080601.0</controlfield>
  <controlfield tag="008">161215s1949    nyua         |000 0 eng d</controlfield>
  <datafield tag="035" ind1=" " ind2=" ">
    <subfield code="a">(BD-RjUL)58184</subfield>
  </datafield>
  <datafield tag="040" ind1=" " ind2=" ">
    <subfield code="a">AU</subfield>
    <subfield code="b">eng</subfield>
    <subfield code="c">AU</subfield>
    <subfield code="d">OCLC</subfield>
    <subfield code="d">BD-RjUL</subfield>
  </datafield>
  <datafield tag="041" ind1=" " ind2=" ">
    <subfield code="a">eng</subfield>
  </datafield>
  <datafield tag="082" ind1="0" ind2=" ">
    <subfield code="2">23</subfield>
    <subfield code="a">304.609678</subfield>
    <subfield code="b">UNP 1949</subfield>
  </datafield>
  <datafield tag="110" ind1=" " ind2=" ">
    <subfield code="a">United Nations. </subfield>
    <subfield code="b">Department of Economic Affairs.</subfield>
    <subfield code="9">172443</subfield>
  </datafield>
  <datafield tag="245" ind1="0" ind2="4">
    <subfield code="a">The population of Tanganyika /</subfield>
    <subfield code="c">United Nations. Department of Economic Affairs.</subfield>
  </datafield>
  <datafield tag="260" ind1=" " ind2=" ">
    <subfield code="a">Lake Success, N.Y. :</subfield>
    <subfield code="b">United Nations, Dept. of Social Affairs, Population Division,</subfield>
    <subfield code="c">1949.</subfield>
  </datafield>
  <datafield tag="300" ind1=" " ind2=" ">
    <subfield code="a">[6], 151 p. :</subfield>
    <subfield code="b">ill. ;</subfield>
    <subfield code="c">26 cm.</subfield>
  </datafield>
  <datafield tag="490" ind1="0" ind2=" ">
    <subfield code="a">Population studies ;</subfield>
    <subfield code="v">no. 2</subfield>
  </datafield>
  <datafield tag="651" ind1=" " ind2="0">
    <subfield code="a">Tanzania</subfield>
    <subfield code="x">Population.</subfield>
    <subfield code="9">172440</subfield>
  </datafield>
  <datafield tag="710" ind1="2" ind2=" ">
    <subfield code="a">United Nations.</subfield>
    <subfield code="b">Department of Economic and Social Affairs.</subfield>
    <subfield code="b">Population Division.</subfield>
    <subfield code="9">172441</subfield>
  </datafield>
  <datafield tag="830" ind1=" " ind2="0">
    <subfield code="a">Population studies (New York, N.Y.) ;</subfield>
    <subfield code="v">no. 2</subfield>
    <subfield code="9">172444</subfield>
  </datafield>
  <datafield tag="942" ind1=" " ind2=" ">
    <subfield code="2">ddc</subfield>
    <subfield code="c">BK</subfield>
  </datafield>
  <datafield tag="999" ind1=" " ind2=" ">
    <subfield code="c">58060</subfield>
    <subfield code="d">58060</subfield>
  </datafield>
  <datafield tag="952" ind1=" " ind2=" ">
    <subfield code="0">0</subfield>
    <subfield code="1">0</subfield>
    <subfield code="2">ddc</subfield>
    <subfield code="4">0</subfield>
    <subfield code="7">1</subfield>
    <subfield code="8">NFIC</subfield>
    <subfield code="a">RUCL</subfield>
    <subfield code="b">RUCL</subfield>
    <subfield code="c">Reading</subfield>
    <subfield code="d">1968-07-18</subfield>
    <subfield code="e">Sweets &amp; zeithinger</subfield>
    <subfield code="g">9.00</subfield>
    <subfield code="l">0</subfield>
    <subfield code="o">304.609678 UNP 1949</subfield>
    <subfield code="r">2016-12-15 00:00:00</subfield>
    <subfield code="t">C-1</subfield>
    <subfield code="w">2016-12-15</subfield>
    <subfield code="y">BK</subfield>
  </datafield>
</record>
